000
00304dam a22001097a 4500
999
_c
2986
_d
2986
008
190528e1991 sp ||||| |||| 00| 0 spa d
100
_a
Pumarola, A.
_9
1303
245
_a
Microbiologia y parasitologia medica
250
_a
2a ed.
260
_a
Barcelona
_b
Ediciones cientificas y tecnicas
_c
1991
500
_a
Baja